000
00282nam a2200121Ia 4500
008
220216s9999 xx 000 0 und d
100
_a
Jacob J
245
0
_a
G M rubberinu pinnile sathyangal
260
_b
Karshakan
_c
2011
300
_a
11-Jun
650
_a
G M rubber
942
_c
BS
999
_c
51690
_d
51690